Quizzes
Events
Quiz Creation
Community
Videos
Private Events
Remove Ads
Sign In
Join for FREE
Feedback
Dark Mode
Quiz Categories
Sports
Geography
Music
Movies
Television
Just For Fun
Miscellaneous
History
Literature
Language
Science
Gaming
Entertainment
Religion
Holiday
For Kids
Quiz Lab
Recent
Popular Today
Quiz Kudos Today
Editor Picks
Curator Picks
Quizzes by...
Day
Popularity
Type
Ratings
Length
Year
Community
Subscriptions
Recent Discussions
Orange Saloon
Badges
Playlists
Quests
Create
Leaderboards
Showdown
Live 5
Trivia Bingo
Activity
Puzzle Library
Sporcle Events
Private Events
Virtual Trivia
Globe League
Become a Host
Pub Owners
SporcleCon
Opinionation
Our Games
Videos
Blog
Mobile Apps
Partnerships
Remove Ads and Go Orange
Feedback
Religion
Mythology
Religious Music
World Religions
Bible
Christianity
Catholicism
Judaism
Church
Scripture
Islam
Verse
Religion
Mythology
Religious Music
World Religions
Bible
Christianity
Catholicism
Judaism
Church
Scripture
Islam
Verse
Random Quiz
Search Sporcle
×
Quiz Lab
Quiz Lab
Religion
Judaism
Type in answers that appear in a list
Type in answers that appear in a list
Classic
Best Score? Go Orange.
10 most popular jewish names Stats
Can you name the 10 most popular jewish names?
By
miraisthebest
5m
10 Questions
1,646 Plays
1,646 Plays
1,646 Plays
Comments
Comments
Give Quiz Kudos
Give Quiz Kudos
-
- Ratings
hide this ad
Replay
Link that replays current quiz
Next Quiz
Link to next quiz in quiz playlist
You Got
0%
They Got
Avg Score
46%
Avg Friend Score
Upgrade to see
Score Distribution
Jump to the score distribution portion of the page
Score
0/10
Timer
05:00
0
Plays Today
can you name popular jewish names
answers
% Correct
boy name
David
68.3%
girl name
Sara
65.8%
boy name
Jacob
65%
girl name
Rachel
63.2%
girl name
Rebecca
54.7%
boy name
Daniel
42.6%
boy name
Michael
41.3%
girl name
Hannah
27.1%
boy name
Jonathan
24.9%
girl name
Talia
9.1%
Quiz Playlist
Details
Report
Send in Message
Add To Playlist
Classic:
Type in answers that appear in a list
Last Updated: Oct 25, 2018
Quiz Scoreboard
CHALLENGE
Sign Up to Join the Scoreboard
Show All
Scores
Hide
Comments
May contain spoilers
Recently Published
Movies - When Are They Set?
by FPL_Elf
Movies
5m
Popular People in 1961
by mucciniale
History
6m
1-10 Letter E Words III
by El_Dandy
Language
2m
More to Explore
Quiz From the Vault
Featured Blog Post
Where Did the Easter Bunny Come From?
hide this ad
You Might Also Like...
Tags
Judaism Quiz
Popular Quiz
Jewish
Today's Top Quizzes in Religion
Browse Religion
hide this ad
Today's Top Quizzes in Judaism
Browse Judaism
Top Contributed Quizzes in Religion
1
10 to 1: Islam
2
Religion Who Wants To Be A Millionaire
3
10 to 1: Protestantism
4
10 to 1: Norse Religion
5
10 to 1: Judaism
6
10 to 1: Hinduism
7
One Thing in Common: Mythology
8
Names of Surahs in the Quran
9
Order Up: Seven Last Words of Christ
10
One Thing in Common: Mythology II
Explore More
Trending Topics
Harry Potter
Marvel
Disney
Anime
NBA
Kpop
Crossword
Puzzle
Soccer
WWE
Pokémon
NFL
Country
Song
The Office
hide this ad
More By:
miraisthebest
Quiz
Plays
Rating
Category
Featured
Created
10 most popular jewish names
1,646
4.13
Religion
Sep 25, 2010
Jewish Holidays
66
2.50
Holiday
Oct 31, 2010
Go to Creator's Profile
Score Distribution
Quiz Creator Spotlight
miraisthebest
Follow
Send a Message
Quizzes Created
-
Created Quiz Play Count
-
More By This Creator
Popular Quizzes Today
1
Find the Countries of Europe - No Outlines Minefield
2
Find the US States - No Outlines Minefield
3
The Countries of the World
4
Popular People in 1961
5
1-10 Letter E Words III
6
US States
7
Find the US States
8
One Thing in Common: World Cities II
More Religion Quizzes
Clueless Letter Lines: NT Books
Editor's Pick
Trending Quizzes
Risky Map Clicking: Least Populous States A-Z
Humor Books: The Subtitles
1-10 Letter F Words
1-10 Letter G Words
One Thing in Common: United Kingdom
Recently Updated
Leaping Animals
pecheneg
Reality TV Shows (A-Z)
bhenderson79
Rickey Henderson's Hall of Fame Teammates
pecheneg
Champions League XIs: Arsenal
pecheneg
Quick Pick: Celebrities in WWE's Hall of Fame
aduchscher
A-Z Keypad Blitz II
pecheneg
Multiple Oscar Actors
pecheneg
Mystery Phrase Blitz: Oscar 'Best Actors'
pecheneg
F. Scott Fitzgerald Novels
LTH
Pick 3 Villains
ddd62291
Trending Topics
Disney
Anime
Kpop
Harry Potter
Crossword
NBA
Marvel
WWE
Country
Pokémon
The Office
NFL
Puzzle
Song
Soccer
Your Account Isn't Verified!
In order to create a playlist on Sporcle, you need to verify the email address you used during registration. Go to your
Sporcle Settings
to finish the process.
Report this User
Report this user for behavior that violates our
Community Guidelines
.
Details:
Send Report
Go to the Sporcle.com Mobile Site →
Comments